|
|
|
|
| LEADER |
00000nas a2200000 a 4500 |
| 001 |
ssj0002509 |
| 003 |
WaSeSS |
| 005 |
20200512172242.0 |
| 006 |
m d |
| 007 |
cr n |
| 008 |
050614c19469999dcuqr pss 0 a0eng c |
| 010 |
|
|
|a 2006212222
|
| 022 |
|
|
|a 1931-0676
|l 0039-7709
|y 0039-7709
|
| 030 |
|
|
|a SYMPEZ
|
| 035 |
|
|
|a (WaSeSS)ssj0002509
|
| 037 |
|
|
|b Heldref Publications, 1319 18th St., NW, Washington, DC 20036
|
| 040 |
|
|
|a OCLCS
|b eng
|c OCLCS
|d NSD
|d GUA
|d OCLCQ
|d BUF
|d OCLCQ
|d OCLCE
|d OCL
|d OCLCQ
|d OCLCF
|d EUW
|d OCLCO
|d OCLCQ
|d WaSeSS
|
| 042 |
|
|
|a nsdp
|a pcc
|a dlr
|
| 050 |
|
4 |
|a PB1
|b .S9
|
| 082 |
0 |
4 |
|a 405
|
| 130 |
0 |
|
|a Symposium (Online)
|
| 222 |
|
0 |
|a Symposium
|b (Syracuse. Online)
|
| 245 |
1 |
0 |
|a Symposium
|h [electronic resource].
|
| 260 |
|
|
|a [Washington] :
|b Heldref Publications
|
| 310 |
|
|
|a Quarterly
|
| 362 |
1 |
|
|a Print began with v. 1 in Nov. 1946.
|
| 500 |
|
|
|a "A quarterly journal in modern foreign literatures."
|
| 506 |
|
|
|a License restrictions may limit access.
|
| 538 |
|
|
|a Master and use copy. Digital master created according to Benchmark for Faithful Digital Reproductions of Monographs and Serials, Version 1. Digital Library Federation, December 2002.
|u http://purl.oclc.org/DLF/benchrepro0212
|5 MiAaHDL
|
| 583 |
1 |
|
|a digitized
|c 2010
|h HathiTrust Digital Library
|l committed to preserve
|5 MiAaHDL
|2 pda
|
| 588 |
|
|
|a Description based on: Vol. 36, issue 1 (spring 1982); title from pdf image of article (EBSCO, viewed Nov. 30, 2007).
|
| 588 |
|
|
|a Latest issue consulted: Vol. 61, no. 2 (summer 2007) (Heldref Publications, viewed Nov. 30, 2007).
|
| 650 |
|
0 |
|a Philology, Modern
|v Periodicals.
|
| 650 |
|
6 |
|a Philologie
|v Périodiques.
|
| 650 |
|
6 |
|a Littérature
|x Étude et enseignement
|v Périodiques.
|
| 650 |
|
7 |
|a Philology, Modern.
|2 fast
|0 (OCoLC)fst01060716
|
| 655 |
|
0 |
|a Electronic journals.
|
| 776 |
0 |
8 |
|i Print version:
|t Symposium
|x 0039-7709
|w (DLC) 51023297
|w (OCoLC)2009385
|
| 856 |
4 |
0 |
|z Full text available from Research Library: 04/01/1990 to 10/31/2010
|u https://search.proquest.com/publication/48348
|